Largest World Cities that are NOT Global Cities - Statistics

General Stats
  • This quiz has been taken 170 times
  • The average score is 9 of 20
Answer Stats
pop continent city % Correct
10.6 mil Africa Kinshasa
75%
12.7 mil S America Rio de Janeiro
70%
17.6 mil Africa Lagos
65%
17.6 mil Asia Dhaka
58%
13.7 mil Asia Tehran
56%
16.0 mil Asia Kolkata
54%
7.5 mil Asia Ahmedabad
51%
17.8 mil Asia Osaka
51%
5.7 mil N America Detroit
49%
10.2 mil Asia Lahore
49%
6.8 mil Africa Luanda
46%
5.5 mil Europe St Petersburg
46%
6.9 mil Asia Baghdad
44%
9.0 mil Asia Hyderabad
44%
5.6 mil Africa Khartoum
43%
5.3 mil Africa Dar es Salaam
33%
10.4 mil Asia Nagoya
33%
6.0 mil Asia Bandung
27%
6.1 mil Asia Pune
26%
5.7 mil Asia Surat
16%
No matching quizzes found
Score Distribution
Percent of People with Each Score
Percentile by Number Answered
Your Score History
You have not taken this quiz